00392nam a2200133Ia 450000500170000000800410001702000150005808200130007310000130008624500350009926000380013430000130017250000730018520250408013635.0240331s9999 xx 000 0 und d a0861259742 bKARa100 aKarwe, I 0aYuganta :boru yugattin mutivu aChennaibOrient Longman Ltdc1994 a229 p ., aMaha Bharatham matrum athan pathirangal patriya pugal petra puthagam